Mistrovství v C++ [kompletní průvodce vývojáře]
Na minha lista:
| Autor principal: | |
|---|---|
| Outros Autores: | |
| Formato: | Livro |
| Idioma: | tcheco |
| Publicado em: |
Brno
Computer Press/ Albatros Media
2013
|
| Edição: | 4. aktualiz. vyd. |
| Colecção: | Mistrovství v
|
| Assuntos: | |
| Tags: |
Sem tags, seja o primeiro a adicionar uma tag!
|
MARC
| LEADER | 00000nam a2200000 4500 | ||
|---|---|---|---|
| 001 | 0201793 | ||
| 005 | 20240315114558.9 | ||
| 020 | |a 978-80-251-3828-1 | ||
| 041 | 0 | |a cze | |
| 044 | |a CZ | ||
| 245 | 1 | 0 | |a Mistrovství v C++ |b [kompletní průvodce vývojáře] |c Stephen Prata ; translation: Jiří Huf |
| 250 | |a 4. aktualiz. vyd. | ||
| 264 | 1 | |a Brno |b Computer Press/ Albatros Media |c 2013 | |
| 300 | |a 1176 s. | ||
| 490 | 1 | |a Mistrovství v | |
| 830 | 0 | |a Mistrovství v | |
| 610 | 2 | 0 | |a jazyky programovacie |
| 610 | 2 | 0 | |a softvér |
| 610 | 2 | 0 | |a dáta |
| 610 | 2 | 0 | |a moduly |
| 610 | 2 | 0 | |a C++ |
| 100 | 1 | |a Prata, Stephen | |
| 700 | 1 | |a Huf, Jiří | |